Statistics for Click Chain #13 - Figuratively

Click here to take the quiz!

General Stats

  • This quiz has been taken 2,076 times
  • The average score is 22 of 30

Answer Stats

HintAnswer% Correct
Serena Williams’ older sister is:Venus
98%
…which is second, after:Mercury
90%
...which Apple first released in:1984
85%
...which is part of the Holy:Trinity
85%
…which is a type of brick that can be made of sun-dried:Clay
83%
...which grows on a:Bush
81%
...which was a #1 hit for Fleetwood:Mac
81%
...who is the god of sleep and:Dreams
80%
...which American brand offering various flavors of sugarless:Gums
80%
...who often tried to steal Popeye's girl:Olive
79%
...which is commonly used on the island of:Great Britain
77%
...whose most commonly depicted weapon is the:Trident
77%
...which can become inflamed due to the presence of:Plaque
76%
...which is equal to fourteen:Pounds
76%
...which is a high-value token that might be used by a:Casino
75%
…which is a defunct program by:Adobe
74%
…whose first name in 1960 was still:Cassius
74%
…which is also known as:Quicksilver
74%
...which features the all-power antagonist known as:Big Brother
73%
...which is what Prince Harry might call:William
73%
...who plotted an assassination with:Brutus
71%
...where, of the two presidents, "Herbert" is:The Father
71%
...which is the first name of the playwright:Williams
67%
...who led the conquest of England for the House of:Normandy
66%
...whose imperial forces were roundly defeated by:Washington
66%
…who is awfully similar to the:Flash
64%
...who joined the union 93 years after:Tennessee
64%
...whose female star was:Stone
59%
...whose captain was:Morpheus
53%
...where the landings were codenamed Operation:Neptune
42%

Score Distribution

Percentile by Number Answered

Percent of People with Each Score

Your Score History

You have not taken this quiz